Every Song by Angels & Airwaves - Statistics

General Stats
  • This quiz has been taken 25 times
  • The average score is 37 of 83
Answer Stats
Album Song % Correct
We Don't Need to Whisper(2006) The Adventure
100%
I-Empire(2007) Everything's Magic
89%
I-Empire(2007) Love Like Rockets
89%
I-Empire(2007) Rite of Spring
89%
I-Empire(2007) Heaven
78%
I-Empire(2007) Secret Crowds
78%
Chasing Shadows(2016) Chasing Shadows
67%
We Don't Need to Whisper(2006) It Hurts
67%
Lifeforms(2021) Kiss & Tell
67%
We Don't Need to Whisper(2006) The War
67%
I-Empire(2007) True Love
67%
We Don't Need to Whisper(2006) A Little's Enough
56%
I-Empire(2007) Breathe
56%
I-Empire(2007) Call to Arms
56%
I-Empire(2007) Sirens
56%
I-Empire(2007) Jumping Rooftops
56%
Love(2010) Letters to God, Part II
56%
I-Empire(2007) Lifeline
56%
Lifeforms(2021) Losing My Mind
56%
Love: Part Two(2011) Moon as My Witness
56%
Love: Part Two(2011) My Heroine (It's Not Over)
56%
Love(2010) Soul Survivor (...2012)
56%
We Don't Need to Whisper(2006) Start the Machine
56%
Love(2010) The Flight of Apollo
56%
We Don't Need to Whisper(2006) The Gift
56%
Love(2010) The Moon-Atomic (...Fragments and Fictions)
56%
Lifeforms(2021) Timebomb
56%
Love: Part Two(2011) Anxiety
44%
Stomping the Phantom Brake Pedal(2012) Anxiety
44%
Love: Part Two(2011) Behold a Pale Horse
44%
We Don't Need to Whisper(2006) Distraction
44%
We Don't Need to Whisper(2006) Do it for Me Now
44%
Love: Part Two(2011) Dry Your Eyes
44%
Love(2010) Et Ducit Mundum Per Luce
44%
We Don't Need to Whisper(2006) Good Day
44%
Love(2010) Hallucinations
44%
Lifeforms(2021) Rebel Girl
44%
Love: Part Two(2011) Saturday Love
44%
Stomping the Phantom Brake Pedal(2012) Saturday Love
44%
Love(2010) Shove
44%
I-Empire(2007) Star of Bethlehem
44%
Love: Part Two(2011) Surrender
44%
Stomping the Phantom Brake Pedal(2012) Surrender
44%
The Dream Walker(2014) Teenagers & Rituals
44%
Stomping the Phantom Brake Pedal(2012) The Score Evolved: Reel 1 (Diary)
44%
Stomping the Phantom Brake Pedal(2012) The Score Evolved: Reel 5 (New Blood)
44%
Stomping the Phantom Brake Pedal(2012) The Score Evolved: Reel 6
44%
The Dream Walker(2014) The Wolfpack
44%
The Dream Walker(2014) Tunnels
44%
We Don't Need to Whisper(2006) Valkyrie Missile
44%
Chasing Shadows(2016) Voyager
44%
Love(2010) Young London
44%
Stomping the Phantom Brake Pedal(2012) Young London
44%
Lifeforms(2021) A Fire in a Nameless Town
33%
Love: Part Two(2011) All That We Are
33%
The Dream Walker(2014) Anomaly
33%
Lifeforms(2021) Automatic
33%
The Dream Walker(2014) Bullets in the Wind
33%
Love(2010) Clever Love
33%
Love(2010) Epic Holiday
33%
Stomping the Phantom Brake Pedal(2012) Epic Holiday
33%
Lifeforms(2021) Euphoria
33%
Love: Part Two(2011) Inertia
33%
The Dream Walker(2014) Kiss with a Spell
33%
Love: Part Two(2011) One Last Thing
33%
Stomping the Phantom Brake Pedal(2012) One Last Thing
33%
Chasing Shadows(2016) Overload
33%
The Dream Walker(2014) Paralyzed
33%
Love(2010) Some Origins of Fire
33%
Lifeforms(2021) Spellbound
33%
The Dream Walker(2014) The Disease
33%
The Dream Walker(2014) Tremors
33%
Lifeforms(Bonus)(2021) All That's Left is Love
22%
Chasing Shadows(2016) Artillery
22%
...Of Nightmares(2015) Home
22%
The Dream Walker(2014) Mercenaries
22%
Lifeforms(2021) No More Guns
22%
Lifeforms(2021) Restless Souls
22%
We Don't Need to Whisper(Bonus)(2006) The Machine
22%
Love: Part Two(2011) The Revelator
22%
...Of Nightmares(2015) Into the Night
11%
...Of Nightmares(2015) Parasomnia
11%
...Of Nightmares(2015) View from Below
11%
No matching quizzes found
Score Distribution
Percent of People with Each Score
Percentile by Number Answered
Your Score History
You have not taken this quiz